000 00754cab a2200217 4500
001 ABS54954
008 090401t1996 xxu||||| |||| 00| 0 eng d
035 _a(Sirsi) u13341
041 _aeng
100 _aSmulian, M.
245 _aPFI: `the best available value` money can buy?
260 _c1996
350 _a0
490 _aSurveyor
_v183(5385) 25 April 1996, 12(1)
520 _aReport on the findings of Treasury Committee report on the impact of the Private Finance Initiative and whether the PFI has so far been used as a substitute for public spending or as an addition.
650 _aPRIVATE FINANCE INITIATIVE
650 _aPUBLIC SPENDING
690 _aPROPERTY-PROPERTY FINANCE AND INVESTMENT
942 _n0
948 _c04/03/1997
999 _c8599
_d8599